One Word Movie Titles #2 - Statistics

General Stats
  • This quiz has been taken 745 times
  • The average score is 17 of 30
Answer Stats
Hint Answer % Correct
Sigourney Weaver fights a deadly organism in space. Alien
91%
Two children release Robin Williams from a magical board game. Jumanji
86%
A thunder god is cast out of Asgard to live on Earth. Thor
83%
A trash robot decides the fate of humanity. Wall-E
81%
Russell Crowe seeks revenge on the Roman emperor who murdered his family. Gladiator
79%
Brad Pitt and Morgan Freeman hunt a killer basing their crimes on the deadly sins. Se7en
78%
A quirky young woman makes a strange decision regarding her unplanned child. Juno
76%
Chasing tornados reminds a man that he still loves his wife. Twister
74%
Bruce Willis and Ben Affleck save the world from an asteroid. Armageddon
73%
A princess takes her destiny, and her bow, in her own hands. Brave
72%
An abused teenager discovers she has telekinesis, then goes to Prom. Carrie
72%
Leo DiCaprio and Ellen Page build a dream world within a dream world. Inception
72%
Sparkling vampires in the Pacific Northwest. Twilight
70%
Michael Bay's version of the Autobot/Decepticon conflict. Transformers
65%
In a world of zombies all Woody Harrelson wants is a twinkie. Zombieland
62%
Alicia Silverstone plays a rich high school student inexperienced in the ways of the world. Clueless
56%
James Bond uncovers a plot to contaminate Fort Knox. Goldfinger
55%
A novelist is "rescued" from a car accident by an obsessed fan. Misery
55%
In a cold clime, a crime falls apart due to bungling henchmen and a pregnant sheriff. Fargo
52%
Robert De Niro and friends work their way up through the mob hierarchy. Goodfellas
52%
A junkie tries to exit the Edinburgh drug scene despite his friends' interference. Trainspotting
48%
Retired black-ops agents led by Bruce Willis foil an assassination. Red
46%
Otherworldly detective Keanu Reeves literally goes to hell and back. Constantine
38%
A desert planet in the spice trade is the backdrop for a galactic civil war. Dune
37%
Bill Murray and John Candy join the army for a bit of fun. Stripes
35%
Jack Nicholson is a PI hired to expose an adulterer who is caught in a web of murder. Chinatown
30%
Rorschach investigates a murder in an alternate universe. Watchmen
30%
A circus of boxers, bookies and gangsters track down a stolen diamond. Snatch
27%
The Marquis de Sade throws a French asylum into turmoil. Quills
10%
A teenager's faith is tested when she becomes pregnant by her gay boyfriend. Saved
6%
No matching quizzes found
Score Distribution
Percent of People with Each Score
Percentile by Number Answered
Your Score History
You have not taken this quiz